| 000 | 00944cam a22003017a 4500 | ||
|---|---|---|---|
| 003 | CHAP | ||
| 005 | 20220329142740.0 | ||
| 008 | 030521d2002 us r 00110 eng d | ||
| 010 | _a87209 | ||
| 011 | _a88181 | ||
| 020 | _a0 19 850562 0 | ||
| 035 | _a98726 | ||
| 040 | _cCHAP | ||
| 082 | 0 | 4 |
_a581.5 _bG5 |
| 100 | 0 | 0 |
_aGibson, David J. _947878 |
| 245 | 1 | 0 |
_aMethods in comparative plant population ecology _c/by David J. Gibson |
| 260 |
_aNew York : _bOxford University Press, _c2002. |
||
| 300 |
_a344 p. ; _bgráfs. |
||
| 590 |
_aBATCH-UPD _b10 _c20130110 _lUCH01 _h2001 |
||
| 590 |
_aBATCH-UPD _b10 _c20130410 _lUCH01 _h1321 |
||
| 590 |
_aBATCH-UPD _b10 _c20130914 _lUCH01 _h1251 |
||
| 590 |
_aCONVERSION _b10 _c20130109 _lUCH01 _h1348 |
||
| 650 | 1 | 4 |
_aEcología vegetal. _935188 |
| 901 | _aBK | ||
| 905 | _aAlejandra Carrasco M. | ||
| 942 | _cLIBRO | ||
| 949 |
_a581.5 G5 _bBC _cLIBRO _d33724000894754 _eLIBRO _h103622 _i98726 _kI.c/e _si _t$ 473.00 |
||
| 999 |
_c87209 _d87209 |
||